Songs zuordnen #2 - Statistiken

Allgemein
  • Dieses Quiz wurde 1.409 mal gespielt
  • Das Durchschnittsergebnis liegt bei 6 aus 10
Antwortstatistiken
Hint Extra Hint Antwort % Korrekt
Umbrella 2007 Rihanna
94%
Sweet Child O’ Mine 1987 Guns N’ Roses
71%
We Are Never Ever Getting Back Together 2012 Taylor Swift
71%
Easy on Me 2021 Adele
70%
Mercy 2016 Shawn Mendes
70%
Mr. Brightside 2003 The Killers
61%
What’s My Age Again? 1999 Blink-182
45%
When I Come Around 1994 Green Day
45%
Still Loving You 1984 Scorpions
44%
From Zero to Hero 2005 Sarah Connor
43%
Keine übereinstimmenden Quizze gefunden
Verteilung der Resultate
Anzahl Personen mit jedem Resultat
Perzentil nach korrekt beantworteten Fragen
Ihre Resultats-Entwicklung
Sie haben dieses Quiz noch nicht gespielt